| 000 | 01941nam a2200277 a 4500 | ||
|---|---|---|---|
| 001 | ASIN0857207091 | ||
| 005 | 20170105102935.0 | ||
| 008 | 151014s2011 xxu eng d | ||
| 020 |
_a0857207091 (paperback) _c$38.75 |
||
| 020 | _a9780857207098 (paperback) | ||
| 040 | _a0 | ||
| 050 | 0 | 4 | _aE855 |
| 082 | 0 | 4 |
_a327.73 _bKIS 2011 |
| 100 | 1 | _aKissinger, Henry A. | |
| 245 | 1 | 0 |
_aWhite house years / _cHenry A. Kissinger. |
| 260 |
_a[S.l.] : _bSimon & Schuster Ltd, _c2011. |
||
| 300 |
_a1521 p. ; _c23 cm. |
||
| 520 | _aThis monumental work, covering Kissinger's first four years (1969-1973) as Assistant to the President for National Security Affairs and President Nixon's closest advisor on foreign policy, is one of the most significant books to come out of the Nixon administration. Among the countless moments Kissinger recalls in White House Years are his first meeting with Nixon, his secret trip to China, the first SALT negotiations, the Jordan crisis of 1970, the India-Pakistan war of 1971, and the historic summit meetings in Moscow and Beijing in 1972. He offers insights into the Middle East conflicts, Anwar Sadat's break with the Soviet Union, the election of Salvador Allende in Chile, issues of defense strategy, and relations with Europe and Japan. Other highlights are his relationship with Nixon, brilliant portraits of major foreign leaders, and his views on handling crises and the art of diplomacy. Few men have wielded as much influence on American foreign policy as Henry Kissinger. White House Years, his own record, makes an invaluable and lasting contribution to the history of this crucial time. | ||
| 650 | 0 | _aDiplomatic relations | |
| 650 | 0 | _aKissinger, Henry, 1923- | |
| 650 | 0 | _aNixon, Richard M. (Richard Milhous), 1913-1994 | |
| 650 | 0 | _aStatesmen | |
| 650 | 0 | _aUnited States | |
| 856 | 4 | 0 |
_3Amazon.com _uhttp://www.amazon.com/exec/obidos/ASIN/0857207091/chopaconline-20 |
| 942 |
_2ddc _cBK |
||
| 999 |
_c16241 _d16241 |
||